Central Library || Chittagong University

Fundamentals of remote sensing: (Record no. 111959)

MARC details
000 -LEADER
fixed length control field 00535nam a22001817a 4500
003 - CONTROL NUMBER IDENTIFIER
control field BD-ChCU
005 - DATE AND TIME OF LATEST TRANSACTION
control field 20260331105141.0
008 - FIXED-LENGTH DATA ELEMENTS--GENERAL INFORMATION
fixed length control field 260331b ca ||||| |||| 00| 0 engd
020 ## - INTERNATIONAL STANDARD BOOK NUMBER
International Standard Book Number 0969373309
040 ## - CATALOGING SOURCE
Transcribing agency BD-ChCU
082 ## - DEWEY DECIMAL CLASSIFICATION NUMBER
Edition number 23
Classification number 621.3678 F981
245 ## - TITLE STATEMENT
Title Fundamentals of remote sensing:
Remainder of title a Canada centre for remote sensing tutorial/
260 ## - PUBLICATION, DISTRIBUTION, ETC.
Place of publication, distribution, etc. Canada:
Name of publisher, distributor, etc. Natural ressources,
Date of publication, distribution, etc. 1988
300 ## - PHYSICAL DESCRIPTION
Extent 258 P . :
504 ## - BIBLIOGRAPHY, ETC. NOTE
Bibliography, etc. note Includes.
650 #0 - SUBJECT ADDED ENTRY--TOPICAL TERM
Topical term or geographic name entry element Remote sensing tecchology ; Data processing.
9 (RLIN) 20975
942 ## - ADDED ENTRY ELEMENTS (KOHA)
Source of classification or shelving scheme Dewey Decimal Classification
Koha item type Books
Suppress in OPAC No
Holdings
Withdrawn status Lost status Source of classification or shelving scheme Damaged status Not for loan Home library Current library Shelving location Date acquired Source of acquisition Total Checkouts Full call number Barcode Date last seen Copy number Price effective from Koha item type
    Dewey Decimal Classification     Chittagong University Library Chittagong University Library Science Reading Room 03/31/2026 purchase   621.3678 F981 343557 03/31/2026 C-1 03/31/2026 Books
    Dewey Decimal Classification     Chittagong University Library Chittagong University Library Science Reading Room 03/31/2026 purchase   621.3678 F981 343558 03/31/2026 C-2 03/31/2026 Books
© Copyright 2025. Chittagong University Library, Installation and Maintenance by Prof. Dr. Md. Alamgir, 01711306253